[Event "Aimchess Rapid Div 3 W"]
[Site "chess.com INT"]
[Date "2023.07.10"]
[Round "2.1"]
[White "Le, Tuan Minh"]
[Black "Anton Guijarro, David"]
[Result "1-0"]
[WhiteTitle "GM"]
[BlackTitle "GM"]
[WhiteElo "2557"]
[BlackElo "2691"]
[WhiteFideId "12401153"]
[BlackFideId "2285525"]
[EventDate "2023.07.10"]
[EventType "k.o."]

1. d4 d5 2. Nf3 e6 3. c4 c6 4. Qc2 dxc4 5. Qxc4 Nf6 6. g3 b5 7. Qc2 Bb7 8. Bg2
Nbd7 9. a4 a6 10. O-O c5 11. Rd1 Be4 12. Qd2 cxd4 13. Nxd4 Bxg2 14. Kxg2 Bc5 15.
b4 Bxd4 16. Qxd4 O-O 17. Nc3 Qc7 18. Bb2 Qb7+ 19. f3 e5 20. Qd3 bxa4 21. Rxa4
Rfd8 22. Ba1 h5 23. Qf5 Ng4 24. Rd3 Nb6 25. Ra2 Rxd3 26. Qxd3 Nc4 27. Nd1 Rc8
28. e4 Nf6 29. Rc2 Qb5 30. Kh3 Nd7 31. Nc3 Qc6 32. Nd5 Qe6+ 33. Kg2 Ndb6 34. Kh1
f6 35. f4 exf4 36. Nxf4 Qe8 37. Qe2 Ne5 38. Rxc8 Qxc8 39. Bxe5 fxe5 40. Nxh5
Qc1+ 41. Kg2 Nc4 42. h4 Qc3 43. Kh3 Ne3 44. Qf3 Qc8+ 45. g4 Qc1 46. Ng3 Qd2 47.
g5 Nd1 48. Nf5 Qd7 49. Kg3 Qd2 50. Ne7+ Kh7 51. Qh5# 1-0

[Event "Aimchess Rapid Div 3 W"]
[Site "chess.com INT"]
[Date "2023.07.10"]
[Round "2.2"]
[White "Anton Guijarro, David"]
[Black "Le, Tuan Minh"]
[Result "0-1"]
[WhiteTitle "GM"]
[BlackTitle "GM"]
[WhiteElo "2691"]
[BlackElo "2557"]
[WhiteFideId "2285525"]
[BlackFideId "12401153"]
[EventDate "2023.07.10"]
[EventType "k.o."]

1. Nf3 d5 2. g3 Nd7 3. d4 Nb6 4. Bg2 Bf5 5. Nh4 Bg4 6. Qd3 e6 7. e4 Be7 8. a4
Bxh4 9. gxh4 dxe4 10. Bxe4 c6 11. Rg1 Nf6 12. Bg5 Bh5 13. Nc3 Nbd5 14. a5 h6 15.
Be3 Nxe4 16. Nxe4 Bg6 17. h5 Bf5 18. Rxg7 Nf6 19. f3 Nxe4 20. fxe4 Qh4+ 21. Kd2
Bxe4 22. Qe2 Qe7 23. Qf2 Bf5 24. Kc1 O-O-O 25. Ra3 Rd7 26. Rg1 Qb4 27. Kb1 Rd5
28. a6 b6 29. Rc3 Rb5 30. Kc1 Ra5 31. Kd2 Rd8 32. Rb1 Rc5 33. Qg1 e5 34. Kc1
exd4 35. Rxc5 Qxc5 0-1

[Event "Aimchess Rapid Div 3 W"]
[Site "chess.com INT"]
[Date "2023.07.10"]
[Round "2.1"]
[White "Gledura, Benjamin"]
[Black "Mamedov, Rauf"]
[Result "0-1"]
[WhiteTitle "GM"]
[BlackTitle "GM"]
[WhiteElo "2645"]
[BlackElo "2636"]
[WhiteFideId "712779"]
[BlackFideId "13401653"]
[EventDate "2023.07.10"]
[EventType "k.o."]

1. e4 c5 2. Nf3 Nc6 3. Bb5 Nf6 4. e5 Nd5 5. Bxc6 dxc6 6. O-O g6 7. d3 Bg7 8. Re1
O-O 9. Nbd2 b6 10. Qe2 f6 11. a4 g5 12. Nf1 g4 13. Nh4 fxe5 14. g3 Qe8 15. a5
Rb8 16. axb6 axb6 17. Nd2 Qh5 18. Nc4 Nf4 19. gxf4 Qxh4 20. Nxe5 Rf6 21. Qe3 Bf5
22. Qg3 Qh5 23. Ra7 Re6 24. Bd2 Qh3 25. b3 Bf6 26. Rea1 h5 27. Ra8 Rxa8 28.
Rxa8+ Kh7 29. Ra6 b5 30. Be3 Qxg3+ 31. hxg3 Bxe5 32. fxe5 c4 33. bxc4 bxc4 34.
dxc4 Bxc2 35. Bd4 Bd3 36. Ra4 Kg6 37. c5 Kf5 38. Bc3 Rh6 39. Rf4+ Ke6 40. Rd4
Be2 41. Rd8 h4 42. Bd2 Rh5 43. Bf4 Bf3 44. Rd4 Rh8 45. Rb4 h3 46. Kh2 Ra8 47.
Rb1 Ra2 48. Kg1 Kd5 49. Rc1 e6 50. Be3 Kxe5 51. Bf4+ Kd5 52. Be3 e5 53. Bg5 h2+
54. Kxh2 Rxf2+ 55. Kg1 Rg2+ 56. Kf1 Rxg3 57. Rc2 Rh3 0-1

[Event "Aimchess Rapid Div 3 W"]
[Site "chess.com INT"]
[Date "2023.07.10"]
[Round "2.2"]
[White "Mamedov, Rauf"]
[Black "Gledura, Benjamin"]
[Result "1/2-1/2"]
[WhiteTitle "GM"]
[BlackTitle "GM"]
[WhiteElo "2636"]
[BlackElo "2645"]
[WhiteFideId "13401653"]
[BlackFideId "712779"]
[EventDate "2023.07.10"]
[EventType "k.o."]

1. e4 e5 2. Nf3 Nc6 3. Bc4 Nf6 4. d3 h6 5. Nc3 d6 6. h3 Na5 7. Bb3 c6 8. Bxf7+
Kxf7 9. b4 Be7 10. Bd2 Rf8 11. bxa5 Qxa5 12. Nd5 Qd8 13. Nxe7 Qxe7 14. Nh4 g5
15. Nf5 Bxf5 16. exf5 Rg8 17. g4 h5 18. Qe2 Rae8 19. f3 Nd5 20. Qe4 h4 21. Qc4
Kf6 22. O-O Nf4 23. Bxf4 exf4 24. Qd4+ Qe5 25. Qxa7 c5 26. Qxb7 Qd4+ 27. Kh1 Re2
28. Qh7 Rg7 29. Qh6+ Kf7 30. Rab1 Qd5 1/2-1/2

[Event "Aimchess Rapid Div 3 W"]
[Site "chess.com INT"]
[Date "2023.07.10"]
[Round "2.1"]
[White "Durarbayli, Vasif"]
[Black "Grischuk, Alexander"]
[Result "0-1"]
[WhiteTitle "GM"]
[BlackTitle "GM"]
[WhiteElo "2631"]
[BlackElo "2736"]
[WhiteFideId "13402935"]
[BlackFideId "4126025"]
[EventDate "2023.07.10"]
[EventType "k.o."]

1. e4 e5 2. Nf3 Nc6 3. Bb5 Nf6 4. d3 Bc5 5. Bxc6 dxc6 6. Nbd2 Be6 7. O-O Nd7 8.
Nb3 Bb6 9. Ng5 Bxb3 10. axb3 Qe7 11. Nf3 Nf8 12. Qe1 f6 13. Be3 Ne6 14. Nh4 g6
15. g3 a6 16. f4 exf4 17. gxf4 O-O-O 18. Bxb6 cxb6 19. Qf2 Nd4 20. Nf3 c5 21.
Nxd4 Rxd4 22. Rae1 Kb8 23. b4 Rxb4 24. c3 Rb5 25. e5 Ka7 26. exf6 Qxf6 27. Re5
Rd8 28. Qe2 Qd6 29. Rd1 Ra5 30. Qe4 Ra2 31. Rd2 Rd7 32. Re6 Qd5 33. Qxd5 Rxd5
34. Re7 a5 35. Kf2 a4 36. Ke3 Rh5 37. d4 a3 38. Kd3 b5 39. Ree2 Rh3+ 40. Ke4
axb2 41. Rxb2 Rxb2 42. Rxb2 Rxc3 43. Rxb5 cxd4 44. Kxd4 Rh3 45. Rb2 Rh5 46. Ra2+
Kb6 47. Rb2+ Kc6 48. Rc2+ Kd6 49. Ra2 Rh4 50. Ke4 b5 51. Rb2 Kc5 52. Ke5 b4 53.
Rc2+ Kb5 54. f5 Rh5 0-1

[Event "Aimchess Rapid Div 3 W"]
[Site "chess.com INT"]
[Date "2023.07.10"]
[Round "2.2"]
[White "Grischuk, Alexander"]
[Black "Durarbayli, Vasif"]
[Result "1/2-1/2"]
[WhiteTitle "GM"]
[BlackTitle "GM"]
[WhiteElo "2736"]
[BlackElo "2631"]
[WhiteFideId "4126025"]
[BlackFideId "13402935"]
[EventDate "2023.07.10"]
[EventType "k.o."]

1. e4 c5 2. Nf3 d6 3. Bb5+ Nd7 4. d4 cxd4 5. Qxd4 a6 6. Be2 Ngf6 7. O-O Qc7 8.
c4 b6 9. Nc3 e6 10. b4 Bb7 11. Bb2 Be7 12. Rac1 O-O 13. a3 Rac8 14. Nd2 Rfe8 15.
Qe3 Ne5 16. Na4 Nfd7 17. Bd4 Bd8 18. Qc3 Qc6 19. Nb2 Bf6 20. Qe3 a5 21. f3 axb4
22. axb4 Ra8 23. Qb3 h6 24. Rfd1 Ra7 25. Nb1 Rea8 26. Nc3 Ra3 27. Qc2 Bg5 28.
Rb1 Rc8 29. Ra1 Rxa1 30. Rxa1 Ng6 31. Bf1 Qc7 32. Nb5 Qb8 33. Qf2 d5 34. exd5
exd5 35. c5 bxc5 36. bxc5 Bh4 37. g3 Be7 38. Nd3 Bc6 39. Na7 Rc7 40. Nxc6 Rxc6
41. Qa2 Bf6 42. Bxf6 Nxf6 43. Qa8 Qxa8 44. Rxa8+ Nf8 45. Bh3 g6 46. Rc8 Rxc8 47.
Bxc8 Ne8 48. Kf2 Nc7 49. Ke3 f6 50. Kd4 Kf7 51. c6 Ke7 52. Kc5 Kd8 53. Bh3 Ke7
54. Nf4 d4 55. Kxd4 Kd6 56. Bd7 Na6 57. Be8 g5 58. Nh5 f5 59. Ke3 Nb4 60. Ng7
Ke5 61. Bd7 f4+ 62. Ke2 Nd5 63. Nf5 Nb6 64. Nxh6 Nfxd7 65. cxd7 Nxd7 66. Kf2 Kf6
67. Ng4+ Kf5 68. Nh6+ Kf6 69. Ng4+ Kf5 70. Nh6+ Kf6 1/2-1/2

[Event "Aimchess Rapid Div 3 W"]
[Site "chess.com INT"]
[Date "2023.07.10"]
[Round "2.1"]
[White "Samadov, Read"]
[Black "Yu, Yangyi"]
[Result "0-1"]
[WhiteTitle "IM"]
[BlackTitle "GM"]
[WhiteElo "2482"]
[BlackElo "2735"]
[WhiteFideId "13417444"]
[BlackFideId "8603820"]
[EventDate "2023.07.10"]
[EventType "k.o."]

1. d4 Nf6 2. c4 e6 3. Nf3 h6 4. g3 Bb4+ 5. Bd2 Be7 6. Bg2 d5 7. Qc2 c6 8. O-O
O-O 9. Bf4 Nbd7 10. Rd1 a5 11. Nc3 dxc4 12. Nd2 Nb6 13. e4 a4 14. a3 Bd7 15. Re1
Re8 16. Rad1 Qc8 17. Nf3 c5 18. d5 exd5 19. exd5 Bf5 20. Qc1 Bf8 21. Ne5 Ng4 22.
d6 Nxe5 23. Bxe5 Bd3 24. Nb5 Qf5 25. Qf4 Qxf4 26. Bxf4 g5 27. Be3 Ra5 28. Bxb7
Rxb5 29. Bc6 Rxe3 30. Rxe3 Rxb2 31. d7 Nxd7 32. Bxd7 Bc2 33. Rd5 c3 34. Re8 Kg7
35. Re1 Bb3 36. Rde5 Rd2 37. Bf5 c2 38. Rc1 c4 39. Ree1 Bxa3 40. Ra1 Bb2 0-1

[Event "Aimchess Rapid Div 3 W"]
[Site "chess.com INT"]
[Date "2023.07.10"]
[Round "2.2"]
[White "Yu, Yangyi"]
[Black "Samadov, Read"]
[Result "1-0"]
[WhiteTitle "GM"]
[BlackTitle "IM"]
[WhiteElo "2735"]
[BlackElo "2482"]
[WhiteFideId "8603820"]
[BlackFideId "13417444"]
[EventDate "2023.07.10"]
[EventType "k.o."]

1. d4 Nf6 2. Nf3 g6 3. Nbd2 Bg7 4. e4 d6 5. Bd3 O-O 6. O-O Nc6 7. d5 Nb4 8. Be2
e6 9. a3 Na6 10. dxe6 Bxe6 11. Re1 Nc5 12. Bf1 Re8 13. h3 c6 14. Rb1 Bd7 15. e5
dxe5 16. Nxe5 Be6 17. Ndf3 Qxd1 18. Rxd1 Bf5 19. Nd3 Rad8 20. Nfe1 Nxd3 21. Bxd3
Bxd3 22. Nxd3 Nd5 23. Bg5 f6 24. Bd2 f5 25. Kf1 Kf7 26. Re1 Nb6 27. b3 Nd5 28.
Rxe8 Rxe8 29. Re1 Rd8 30. Nc5 b5 31. Ne6 Ra8 32. Nxg7 Kxg7 33. c4 bxc4 34. bxc4
Nb6 35. Re7+ Kf6 36. Rc7 Rc8 37. Rxh7 Nxc4 38. Bc3+ Ke6 39. Rxa7 Rb8 40. Bb4 Rb5
41. Rc7 Kd5 42. Rd7+ Ke6 43. Rd4 Ne5 44. Rd6+ Kf7 45. f4 c5 46. Rd5 Nc4 47. Rxc5
Ne3+ 48. Kf2 Rxc5 49. Bxc5 Nc4 50. Ke2 Ke6 51. a4 Kd5 52. Bb4 Ke4 53. g3 Kd5 54.
a5 Kc6 55. Bc3 Kb5 56. Kd3 Nd6 57. Kd4 Ne4 58. Be1 Nc5 59. g4 fxg4 60. hxg4 Nd7
61. g5 Nc5 62. Kd5 Nd3 63. Bd2 Nf2 64. Ke5 Ng4+ 65. Ke6 1-0

[Event "Aimchess Rapid Div 3 W"]
[Site "chess.com INT"]
[Date "2023.07.10"]
[Round "2.1"]
[White "Smirnov, Pavel"]
[Black "Pichot, Alan"]
[Result "0-1"]
[WhiteTitle "GM"]
[BlackTitle "GM"]
[WhiteElo "2538"]
[BlackElo "2633"]
[WhiteFideId "4123425"]
[BlackFideId "110973"]
[EventDate "2023.07.10"]
[EventType "k.o."]

1. d4 d5 2. c4 e6 3. Nf3 c6 4. g3 dxc4 5. Bg2 b5 6. O-O Bb7 7. Ne5 Nd7 8. Nc3
Nxe5 9. dxe5 Qc7 10. Bf4 Rd8 11. Qc2 Ne7 12. b3 cxb3 13. axb3 a6 14. Ne4 Nd5 15.
Nd6+ Bxd6 16. exd6 Qd7 17. Rfd1 O-O 18. e4 Nxf4 19. gxf4 f6 20. Qc5 e5 21. f5
Qf7 22. Rd3 Rd7 23. b4 Rfd8 24. Rad1 Qc4 25. Ra3 g6 26. fxg6 hxg6 27. Bh3 Qxc5
28. bxc5 Rh7 29. Be6+ Kg7 30. d7 Kf8 31. Rd6 Ke7 32. Rg3 Rh6 33. Bg4 b4 34. Rf3
g5 35. Re6+ Kf7 36. Rxe5 a5 37. Rxg5 a4 38. Bh5+ Rxh5 39. Rxh5 b3 40. e5 Rg8+
41. Kf1 b2 42. Rh7+ Ke6 43. Rxf6+ Kxe5 0-1

[Event "Aimchess Rapid Div 3 W"]
[Site "chess.com INT"]
[Date "2023.07.10"]
[Round "2.2"]
[White "Pichot, Alan"]
[Black "Smirnov, Pavel"]
[Result "1-0"]
[WhiteTitle "GM"]
[BlackTitle "GM"]
[WhiteElo "2633"]
[BlackElo "2538"]
[WhiteFideId "110973"]
[BlackFideId "4123425"]
[EventDate "2023.07.10"]
[EventType "k.o."]

1. e4 g6 2. d4 Bg7 3. Nf3 d6 4. Bc4 e6 5. O-O Ne7 6. Re1 Nd7 7. a4 O-O 8. a5 Rb8
9. Nc3 b6 10. axb6 axb6 11. Bf4 Bb7 12. Qd2 Nf6 13. Bh6 Bc6 14. Bd3 Ra8 15. Rad1
Ra5 16. h3 Qa8 17. Qf4 Nh5 18. Qd2 Nf6 19. Qf4 Nh5 20. Qd2 Qb7 21. Bxg7 Nxg7 22.
b4 Ra3 23. b5 Bd7 24. Ne2 Ra5 25. c4 f6 26. Ng3 e5 27. dxe5 dxe5 28. Bf1 Be6 29.
c5 Raa8 30. c6 Qc8 31. Qb4 Rf7 32. Ra1 Rb8 33. Ra7 h5 34. Rd1 g5 35. Bc4 h4 36.
Nf1 Nh5 37. Rxc7 Qxc7 38. Bxe6 1-0

[Event "Aimchess Rapid Div 3 W"]
[Site "chess.com INT"]
[Date "2023.07.11"]
[Round "3.1"]
[White "Dominguez Perez, Leinier"]
[Black "Le, Quang Liem"]
[Result "1-0"]
[WhiteTitle "GM"]
[BlackTitle "GM"]
[WhiteElo "2739"]
[BlackElo "2728"]
[WhiteFideId "3503240"]
[BlackFideId "12401137"]
[EventDate "2023.07.10"]
[EventType "k.o."]

1. e4 c5 2. Nf3 e6 3. d4 cxd4 4. Nxd4 Nf6 5. Nc3 Nc6 6. Nxc6 bxc6 7. e5 Nd5 8.
Ne4 Qc7 9. f4 Qb6 10. a3 f5 11. exf6 Nxf6 12. Nxf6+ gxf6 13. Qh5+ Kd8 14. Be2
Rb8 15. Bd2 Qxb2 16. Qa5+ Ke7 17. Bc3 Rb5 18. Bxb5 Qxb5 19. Qxb5 cxb5 20. a4 Rg8
21. Rg1 Kf7 22. Bd4 bxa4 23. Rxa4 a6 24. Kf2 Bb7 25. g3 Be7 26. Rb1 Be4 27. Rxa6
Rc8 28. Rc1 Rxc2+ 29. Rxc2 Bxc2 30. Ra7 Ke8 31. Rc7 Bf5 32. Bc5 d6 33. Bb4 h5
34. Ke3 e5 35. Rb7 Bh3 36. Rb8+ Kf7 37. Rh8 Bg4 38. h3 Bxh3 39. Rxh5 Bg4 40. Rh4
Bf5 41. g4 exf4+ 42. Kxf4 Bg6 43. Rh1 Bf8 44. Kg3 Be7 45. Rf1 Ke6 46. Re1+ Kd7
47. Kf4 Bf8 48. Bc3 Bh6+ 49. Kg3 Bg5 50. Rf1 Ke6 51. Re1+ Kd7 52. Rh1 Ke6 53.
Rh8 f5 54. Rg8 fxg4 55. Rxg6+ Kf5 56. Rg8 Bf4+ 57. Kg2 d5 58. Re8 Bd6 59. Bd4
Bf4 60. Bf2 Be5 61. Bg3 Bf6 62. Kf2 d4 63. Ke2 1-0

[Event "Aimchess Rapid Div 3 W"]
[Site "chess.com INT"]
[Date "2023.07.11"]
[Round "3.1"]
[White "Fressinet, Laurent"]
[Black "Le, Tuan Minh"]
[Result "1/2-1/2"]
[WhiteTitle "GM"]
[BlackTitle "GM"]
[WhiteElo "2652"]
[BlackElo "2557"]
[WhiteFideId "608742"]
[BlackFideId "12401153"]
[EventDate "2023.07.10"]
[EventType "k.o."]

1. d4 d5 2. c4 c6 3. Nf3 Nf6 4. Nc3 a6 5. g3 g6 6. Bg2 Bg7 7. O-O O-O 8. a4 a5
9. Ne5 Na6 10. cxd5 cxd5 11. Qb3 Nb4 12. Bd2 Bf5 13. Nb5 Nc6 14. Rac1 Qb6 15.
Be3 Rfd8 16. Qa3 Nb4 17. Bd2 Nc6 18. Qc5 Qxc5 19. Rxc5 Nxe5 20. dxe5 Ne4 21.
Bxe4 dxe4 22. Bc3 Bd7 23. Rc7 b6 24. e3 Kf8 25. Rd1 Bg4 26. Rc1 Rd5 27. Rc6 Rad8
28. Bd4 Bxe5 29. Nc3 Bxd4 30. Nxd5 Bxb2 31. Rb1 Rxd5 32. Rxb2 Rd1+ 33. Kg2 g5
34. Rcxb6 Bf3+ 35. Kh3 h5 36. Rb1 Bg4+ 37. Kg2 Bf3+ 38. Kh3 Bg4+ 39. Kg2 Bf3+
40. Kh3 1/2-1/2

[Event "Aimchess Rapid Div 3 W"]
[Site "chess.com INT"]
[Date "2023.07.11"]
[Round "3.1"]
[White "Mamedov, Rauf"]
[Black "Grischuk, Alexander"]
[Result "1-0"]
[WhiteTitle "GM"]
[BlackTitle "GM"]
[WhiteElo "2636"]
[BlackElo "2736"]
[WhiteFideId "13401653"]
[BlackFideId "4126025"]
[EventDate "2023.07.10"]
[EventType "k.o."]

1. e4 e5 2. Nf3 Nc6 3. Bc4 Bc5 4. c3 Nf6 5. d4 exd4 6. e5 d5 7. Bb5 Ne4 8. cxd4
Bb4+ 9. Bd2 a5 10. O-O O-O 11. Be3 f5 12. a3 Be7 13. Nc3 f4 14. Bc1 Bg4 15. Qd3
Bxf3 16. gxf3 Ng5 17. Kh1 Kh8 18. Ne2 Nh3 19. Ng1 Qc8 20. Bd2 Bh4 21. Kg2 Nxg1
22. Rxg1 Nd8 23. Kf1 Qh3+ 24. Ke2 a4 25. Bb4 Rg8 26. Qc3 c6 27. Bd3 Ne6 28. Rg4
Ng5 29. Bf5 Qxh2 30. Rf1 g6 31. Bc2 Ne6 32. Rgg1 Bg3 33. Rh1 Qg2 34. Kd1 Bxf2
35. Qd2 Qxf3+ 36. Kc1 Be3 37. Rxf3 Bxd2+ 38. Kxd2 Kg7 39. Be7 h6 40. Bf6+ Kf7
41. Rxh6 g5 42. Rh7+ Kf8 43. Rfh3 g4 44. R3h6 Re8 45. Rxb7 g3 46. Rhh7 Ng5 47.
Bg7+ Rxg7 48. Rhxg7 1-0

[Event "Aimchess Rapid Div 3 W"]
[Site "chess.com INT"]
[Date "2023.07.11"]
[Round "3.1"]
[White "Yu, Yangyi"]
[Black "Pichot, Alan"]
[Result "1-0"]
[WhiteTitle "GM"]
[BlackTitle "GM"]
[WhiteElo "2735"]
[BlackElo "2633"]
[WhiteFideId "8603820"]
[BlackFideId "110973"]
[EventDate "2023.07.10"]
[EventType "k.o."]

1. c4 e6 2. Nc3 d5 3. d4 Nf6 4. cxd5 exd5 5. Bg5 c6 6. e3 h6 7. Bh4 Be7 8. Bd3
O-O 9. Bg3 Re8 10. h3 Bb4 11. Ne2 Ne4 12. Bf4 Nd7 13. O-O Ndf6 14. Be5 Bd6 15.
f4 Bf8 16. Qc2 Nd6 17. Rae1 Nfe4 18. Bxe4 Nxe4 19. Nxe4 dxe4 20. f5 Qg5 21. f6
Bxh3 22. Nf4 Bg4 23. fxg7 Bb4 24. Rc1 Ba5 25. Qb3 Bb6 26. Rf2 Rad8 27. Rcf1 Rd7
28. a4 Bd8 29. Ne2 Be6 30. Qc3 h5 31. Ng3 Qg6 32. Qc2 Bd5 33. Rf6 Bxf6 34. Rxf6
Qg5 35. Nf5 Re6 36. Qc5 Rd8 37. Ne7+ Kh7 38. g8=Q+ Rxg8 39. Rxf7+ Kh6 40. Bf4 1-0

[Event "Aimchess Rapid Div 3 W"]
[Site "chess.com INT"]
[Date "2023.07.11"]
[Round "3.2"]
[White "Grischuk, Alexander"]
[Black "Mamedov, Rauf"]
[Result "1-0"]
[WhiteTitle "GM"]
[BlackTitle "GM"]
[WhiteElo "2736"]
[BlackElo "2636"]
[WhiteFideId "4126025"]
[BlackFideId "13401653"]
[EventDate "2023.07.10"]
[EventType "k.o."]

1. e4 c5 2. Nf3 Nc6 3. Bb5 Nf6 4. Nc3 Qc7 5. O-O Nd4 6. Re1 a6 7. Bf1 d6 8. Nd5
Nxd5 9. exd5 g6 10. c3 Nxf3+ 11. Qxf3 Bg7 12. d4 cxd4 13. Bg5 O-O 14. Bxe7 Re8
15. Bf6 Bg4 16. Qf4 Bxf6 17. Qxf6 dxc3 18. bxc3 Rac8 19. c4 Bf5 20. h3 h5 21. a4
Qc5 22. a5 Qc7 23. Kh2 Qc5 24. Kg1 Qc7 25. Kh2 Qc5 26. Re7 Rxe7 27. Qxe7 Qc7 28.
Qe3 Qc5 29. Qe7 Qc7 30. Qe1 Qd8 31. Qb4 Rc7 32. Qb6 Qe7 33. Kg1 h4 34. Ra3 Rd7
35. Re3 Qf6 36. c5 Kh7 37. c6 bxc6 38. dxc6 Rd8 39. Bxa6 Qa1+ 40. Kh2 Qa2 41.
Qxd8 Qxf2 42. Rf3 Qe1 43. Qf6 1-0

[Event "Aimchess Rapid Div 3 W"]
[Site "chess.com INT"]
[Date "2023.07.11"]
[Round "3.2"]
[White "Le, Quang Liem"]
[Black "Dominguez Perez, Leinier"]
[Result "1/2-1/2"]
[WhiteTitle "GM"]
[BlackTitle "GM"]
[WhiteElo "2728"]
[BlackElo "2739"]
[WhiteFideId "12401137"]
[BlackFideId "3503240"]
[EventDate "2023.07.10"]
[EventType "k.o."]

1. c4 c5 2. Nf3 Nf6 3. Nc3 Nc6 4. e3 a6 5. b3 g6 6. Bb2 Bg7 7. Rc1 O-O 8. Be2 e5
9. O-O d6 10. Ng5 h6 11. Nge4 Nxe4 12. Nxe4 Be6 13. f4 f5 14. Nc3 Qd7 15. fxe5
dxe5 16. Na4 Qe7 17. Ba3 Nb4 18. d4 exd4 19. Bxb4 cxb4 20. exd4 Qh4 21. d5 Bd4+
22. Kh1 Be5 23. h3 Qg3 24. Kg1 Qh2+ 25. Kf2 Qg3+ 26. Kg1 Qh2+ 27. Kf2 Qg3+ 28.
Kg1 1/2-1/2

[Event "Aimchess Rapid Div 3 W"]
[Site "chess.com INT"]
[Date "2023.07.11"]
[Round "3.2"]
[White "Le, Tuan Minh"]
[Black "Fressinet, Laurent"]
[Result "1-0"]
[WhiteTitle "GM"]
[BlackTitle "GM"]
[WhiteElo "2557"]
[BlackElo "2652"]
[WhiteFideId "12401153"]
[BlackFideId "608742"]
[EventDate "2023.07.10"]
[EventType "k.o."]

1. d4 Nf6 2. Nf3 g6 3. c4 Bg7 4. g3 c5 5. Bg2 O-O 6. O-O cxd4 7. Nxd4 d5 8. cxd5
Nxd5 9. Nc3 Nxc3 10. bxc3 Nc6 11. Nxc6 bxc6 12. Ba3 Ba6 13. Bxc6 Rc8 14. Qxd8
Rfxd8 15. Bxe7 Rd2 16. Bf3 Bxe2 17. Bg5 Rc2 18. Bxe2 Rxe2 19. Rfd1 h6 20. Be3
Rxc3 21. Rab1 Rc7 22. a4 Ra2 23. Rb4 Kh7 24. Rd5 Bc3 25. Re4 f5 26. Rh4 h5 27.
Rc5 Rxc5 28. Bxc5 a5 29. Rc4 Bb4 30. Bxb4 axb4 31. Rxb4 g5 32. h4 f4 33. gxf4
gxh4 34. f5 Kh6 35. Rf4 Kg7 36. Rxh4 Kf6 37. Rf4 Rb2 38. Kg2 Kg5 39. Rf3 Kf6 40.
Ra3 Rb6 41. a5 Ra6 42. Kg3 Kxf5 43. Kh4 Kg6 44. Rg3+ Kf5 45. Kxh5 Kf4 46. Ra3
Kf5 47. Ra4 Kf6 48. Kg4 Kg6 49. f4 Kf6 50. f5 Kf7 51. Kg5 Kg7 52. Kg4 Kf7 53.
Kf4 Kf6 54. Ra1 1-0

[Event "Aimchess Rapid Div 3 W"]
[Site "chess.com INT"]
[Date "2023.07.11"]
[Round "3.2"]
[White "Pichot, Alan"]
[Black "Yu, Yangyi"]
[Result "1/2-1/2"]
[WhiteTitle "GM"]
[BlackTitle "GM"]
[WhiteElo "2633"]
[BlackElo "2735"]
[WhiteFideId "110973"]
[BlackFideId "8603820"]
[EventDate "2023.07.10"]
[EventType "k.o."]

1. e4 e5 2. d4 exd4 3. Nf3 Bc5 4. Bc4 d6 5. c3 d3 6. O-O Nf6 7. Qxd3 O-O 8. Bg5
h6 9. Bh4 Nc6 10. Nbd2 Ne5 11. Qc2 Ng6 12. Bg3 Nh5 13. Nd4 Nxg3 14. hxg3 Ne5 15.
Be2 a5 16. Rad1 Bd7 17. Kh1 Re8 18. f4 Ng4 19. Bxg4 Bxg4 20. N2f3 Qf6 21. e5
dxe5 22. fxe5 Rxe5 23. Nxe5 Bxd1 24. Rxf6 Bxc2 25. Rxf7 Re8 26. Rf2 Rxe5 1/2-1/2

[Event "Aimchess Rapid Div 3 W"]
[Site "chess.com INT"]
[Date "2023.07.11"]
[Round "3.3"]
[White "Grischuk, Alexander"]
[Black "Mamedov, Rauf"]
[Result "1/2-1/2"]
[WhiteTitle "GM"]
[BlackTitle "GM"]
[WhiteElo "2736"]
[BlackElo "2636"]
[WhiteFideId "4126025"]
[BlackFideId "13401653"]
[EventDate "2023.07.10"]
[EventType "k.o."]

1. d4 d5 2. c4 c6 3. Nc3 Nf6 4. e3 Bf5 5. f3 e6 6. g4 Bg6 7. Nge2 Bd6 8. h4 h6
9. Nf4 Bxf4 10. exf4 dxc4 11. Bxc4 Nbd7 12. Qe2 Qe7 13. Bd2 Nb6 14. Bb3 a5 15.
Ne4 Nfd5 16. f5 Bh7 17. fxe6 fxe6 18. a3 a4 19. Bc2 O-O-O 20. O-O-O e5 21. dxe5
Qxe5 22. Kb1 Rhf8 23. Bc1 Kb8 24. Rhe1 Rde8 25. Ka1 Qc7 26. Qf2 Nd7 27. f4 h5
28. gxh5 b6 29. Qd4 Re7 30. Bd2 Rfe8 31. Bb1 Kb7 32. Nc3 Nxc3 33. Qxc3 Bxb1 34.
Kxb1 Nc5 35. Rxe7 Rxe7 36. Bc1 Nb3 37. f5 b5 38. Bg5 Rd7 39. Re1 Qd6 40. f6 gxf6
41. Bxf6 Qd5 42. Bg5 Qf5+ 43. Qc2 Qf3 44. h6 Nd4 45. Qg6 Qf2 46. Rc1 Qf7 47.
Qxf7 Rxf7 48. Re1 c5 49. Re7+ Rxe7 50. Bxe7 Nf5 51. h7 Nxe7 52. h8=Q Nc6 53.
Qg7+ Kb6 54. h5 b4 55. axb4 cxb4 56. h6 a3 57. h7 a2+ 58. Kxa2 b3+ 59. Kb1 Kb5
60. h8=Q Kc4 61. Qf6 Kd5 62. Qh5+ Ke4 63. Qf4+ Kxf4 64. Qh6+ Ke5 65. Qxc6 Kd4
66. Qc3+ Ke4 67. Qxb3 Ke5 68. Qc3+ Kd6 69. b4 Kd7 70. b5 Ke6 71. b6 Kd5 72. b7
Ke4 73. b8=Q Kf5 1/2-1/2

[Event "Aimchess Rapid Div 3 W"]
[Site "chess.com INT"]
[Date "2023.07.11"]
[Round "4.1"]
[White "Dominguez Perez, Leinier"]
[Black "Le, Tuan Minh"]
[Result "0-1"]
[WhiteTitle "GM"]
[BlackTitle "GM"]
[WhiteElo "2739"]
[BlackElo "2557"]
[WhiteFideId "3503240"]
[BlackFideId "12401153"]
[EventDate "2023.07.10"]
[EventType "k.o."]

1. e4 c5 2. Nf3 Nf6 3. e5 Nd5 4. Nc3 Nxc3 5. dxc3 Nc6 6. Bf4 Qc7 7. Bd3 h6 8.
Qe2 e6 9. O-O-O b6 10. Nd2 Bb7 11. Nc4 b5 12. Nd6+ Bxd6 13. exd6 Qa5 14. Kb1 c4
15. Be4 O-O-O 16. h4 Rde8 17. h5 Nd8 18. Rh3 Qa6 19. Rg3 Reg8 20. Bxb7+ Qxb7 21.
b3 cxb3 22. cxb3 Nc6 23. c4 b4 24. Be5 f6 25. Bb2 Kb8 26. Rg6 Qb6 27. f4 Qc5 28.
Qg4 Rd8 29. Rxg7 Rhf8 30. Rg6 e5 31. Qf5 Qf2 32. g4 Qf3 33. Rc1 e4 34. Bxf6 Qd3+
35. Ka1 Rxf6 36. Qxf6 e3 37. Qb2 Re8 38. Re1 e2 39. Rg7 Nd4 40. Re7 Qd1+ 41. Qc1
Nc2+ 42. Kb2 Nxe1 43. Rxe8+ Kb7 44. Re3 Nd3+ 45. Rxd3 Qxc1+ 46. Kxc1 e1=Q+ 0-1